| 000 | 00415nam a2200157Ia 4500 | ||
|---|---|---|---|
| 008 | 210210b1971 xxu||||| |||| 00| 0 eng d | ||
| 082 | _a547 MORO | ||
| 100 | _aMORRISON (R T) & BOYD (R N). | ||
| 245 | _aOrganic chemistry.Ed 2. | ||
| 250 | _a | ||
| 260 |
_aN D _bPrentice-Hall of India Private Limited _c1971 |
||
| 300 | _axi,1204 | ||
| 650 | _aOrganic Chemistry | ||
| 690 | _aOrganic Chemistry | ||
| 906 | _a030272 | ||
| 999 |
_c81452 _d81452 |
||